000 01054nam a2200253 i 4500
001 69565
003 ES-MaACL
005 20250826051033.0
007 t|
008 040707s1980 sp |||| | spa d
245 0 3 _aLa distribución de las competencias económicas entre el poder central y las autonomías territoriales en el derecho comparado y en la Constitución española /
_cEduardo García de Enterría ... [et al.].
260 _aMadrid :
_bInstituto de Estudios Económicos,
_c[1980]
300 _a493 p. ;
_c24 cm.
490 1 _aColección estudios
650 4 _aRelaciones administración central-administraciones regionales-
_zEspaña.
_9168598
650 7 _aHacienda autonómica
_2embne
_913276
651 4 _aEspaña-
_xComunidades autónomas-
_xPolítica económica.
_9169263
700 1 _aGarcía de Enterría, Eduardo.
_954425
710 2 _aInstituto de Estudios Económicos (Madrid)
_94899
830 0 _aColección estudios
_9178843
852 _aES-MaACL
_jL-300
852 _aES-MaACL
_jG-4663
999 _c69565
_d69565